Microfinance in India (Record no. 2949)

MARC details
000 -LEADER
fixed length control field 00478 a2200169 4500
000 - LEADER
fixed length control field BKB
001 - CONTROL NUMBER
control field 069397
005 - DATE AND TIME OF LATEST TRANSACTION
control field 20200902150254.0
008 - FIXED-LENGTH DATA ELEMENTS--GENERAL INFORMATION
fixed length control field
082 ## - DEWEY DECIMAL CLASSIFICATION NUMBER
Classification number 332
Item number M58M
100 1# - MAIN ENTRY--PERSONAL NAME
Personal name Microfinance in India
245 1# - TITLE STATEMENT
Title Microfinance in India
Statement of responsibility, etc edited by K.G. karmaker
260 ## - PUBLICATION, DISTRIBUTION, ETC. (IMPRINT)
Place of publication, distribution, etc London
Name of publisher, distributor, etc Sage Publications
Date of publication, distribution, etc 2010
300 ## - PHYSICAL DESCRIPTION
Extent 489p.
690 ## - LOCAL SUBJECT ADDED ENTRY--TOPICAL TERM (OCLC, RLIN)
Topical term or geographic name as entry element Microfinance; Rural development; India
700 ## - ADDED ENTRY--PERSONAL NAME
Personal name Karmakar, K.G. ed.
Numeration
Titles and other words associated with a name
Holdings
Withdrawn status Lost status Damaged status Not for loan Home library Current library Date acquired Cost, normal purchase price Total Checkouts Full call number Barcode Date last seen Price effective from Koha item type
        Central University Of Rajasthan Central University Of Rajasthan 07/03/2012 725.00   332 M58M 3684 21/11/2024 02/09/2020 Books